000 00235nam a2200097Ia 4500
008 230508s1986 xx 000 0 und d
041 _aeng
100 _aS RAMAMRUTHAM
245 _aDESIGN OF STEEL AND TIMBER STRUCTURES
260 _c1986
999 _c314136
_d314136